Statistics for Songs by Picture

Click here to take the quiz!

General Stats

  • This quiz has been taken 114 times
  • The average score is 5 of 12

Answer Stats

Answer % Correct
Yellow Submarine
95%
Hello
55%
These Boots Are Made for Walkin'
54%
Bridge over Troubled Water
52%
Moonlight Sonata
50%
My Humps
44%
Heart-Shaped Box
41%
Tears in Heaven
39%
SOS
25%
Frozen
17%
Like Toy Soldiers
15%
La Tortura
3%

Score Distribution

Percentile by Number Answered

Percent of People with Each Score

Your Score History

You have not taken this quiz